MARC details
| 000 -LEADER |
| campo de control de longitud fija |
02160nam a22003377a 4500 |
| 003 - IDENTIFICADOR DE NÚMERO DE CONTROL |
| campo de control |
OSt |
| 005 - FECHA Y HORA DE LA ÚLTIMA TRANSACCIÓN |
| campo de control |
20230427092441.0 |
| 008 - DATOS DE LONGITUD FIJA--INFORMACIÓN GENERAL |
| campo de control de longitud fija |
221006b |||||||| |||| 00| 0 eng d |
| 040 ## - FUENTE DE CATALOGACIÓN |
| Centro/agencia transcriptor |
Biblioteca Lado V |
| 082 ## - NÚMERO DE LA CLASIFICACIÓN DECIMAL DEWEY |
| Número de clasificación |
708.972.9 |
| Número de ítem |
B622c |
| 100 ## - ENTRADA PRINCIPAL--NOMBRE DE PERSONA |
| 9 (RLIN) |
821 |
| Nombre de persona |
Bishop, Jacqueline |
| Término indicativo de función/relación |
editor |
| 245 ## - MENCIÓN DEL TÍTULO |
| Título |
Calabash/ |
| Resto del título |
A Journal of Caribbean arts and Letters/ |
| 260 ## - PUBLICACIÓN, DISTRIBUCIÓN, ETC. |
| Nombre del editor, distribuidor, etc. |
New York University |
| Lugar de publicación, distribución, etc. |
New York |
| Fecha de publicación, distribución, etc. |
2000 |
| 300 ## - DESCRIPCIÓN FÍSICA |
| Dimensiones |
18x23cm |
| Extensión |
155p. |
| 366 ## - INFORMACIÓN SOBRE DISPONIBILIDAD COMERCIAL |
| Nota |
fre |
| 490 ## - MENCIÓN DE SERIE |
| Mención de serie |
1 |
| Designación de volumen o secuencia |
1 |
| 505 ## - NOTA DE CONTENIDO CON FORMATO |
| Título |
Fiction |
| Nota de contenido con formato |
Mommie, My Star Pupil<br/><br/>Watching and Waiting<br/><br/>School<br/><br/>The Duppy Coconut Tree<br/><br/>The Story of Dance and Rain<br/><br/>Historie de Dance de Pluie<br/><br/>An Excercise in Discipline<br/><br/>The Verandah<br/><br/>Vanishing Point<br/><br/>On The Side<br/><br/>Mr. Hugo |
| 505 ## - NOTA DE CONTENIDO CON FORMATO |
| Título |
Poetry |
| Nota de contenido con formato |
Curry Powder<br/><br/>moruga<br/><br/>Alzeiheimer's Disease<br/><br/>Anturiums<br/><br/>The Last Resort<br/><br/>Wrecks<br/><br/>Cricketing<br/><br/>Caribbean Fresco <br/><br/>Boundaries<br/><br/>Notes From an Emancipation Poem<br/><br/>Stripper, Or Whats In a Name<br/><br/>Untitled I<br/><br/>Untitled I V<br/><br/>The Woman Who Was Not My Gradmother<br/><br/>What Patrimony Can do to a Body<br/><br/>Six Ways of Envisioning Loss <br/><br/>What i want<br/><br/>The Spider Speaks<br/><br/>Kamau;s Spider<br/><br/>Sea Jazz<br/><br/>An Attractive Middle-Aged Woman Dines Out<br/><br/>Une Sduisante Femme<br/><br/>On A Journey to Discover Her Caribbean Ingredient<br/><br/>I tHink i Saw Apollo Weeping<br/><br/>I Remember Two Seasons<br/><br/>Two Guavas<br/><br/>Visiting the Dead<br/><br/>The Exile's Return<br/><br/>The Exile |
| 505 ## - NOTA DE CONTENIDO CON FORMATO |
| Título |
Non-Fiction<br/> |
| Nota de contenido con formato |
Transferring The Carribbean Babylon ti the Stage<br/><br/>The Unbridled Sea<br/><br/>The Visual Arts of Aruba |
| 505 ## - NOTA DE CONTENIDO CON FORMATO |
| Título |
Supplement Catalogus 4 |
| 650 ## - PUNTO DE ACCESO ADICIONAL DE MATERIA--TÉRMINO DE MATERIA |
| Fuente del encabezamiento o término |
Tesauro de Arte & Arquitectura |
| Término de materia o nombre geográfico como elemento de entrada |
ARTE |
| 9 (RLIN) |
703 |
| 650 ## - PUNTO DE ACCESO ADICIONAL DE MATERIA--TÉRMINO DE MATERIA |
| Fuente del encabezamiento o término |
Tesauro de Arte & Arquitectura |
| Término de materia o nombre geográfico como elemento de entrada |
EXPOSICIONES |
| 650 ## - PUNTO DE ACCESO ADICIONAL DE MATERIA--TÉRMINO DE MATERIA |
| Fuente del encabezamiento o término |
Tesauro de Arte & Arquitectura |
| Término de materia o nombre geográfico como elemento de entrada |
CULTURA |
| 650 ## - PUNTO DE ACCESO ADICIONAL DE MATERIA--TÉRMINO DE MATERIA |
| Fuente del encabezamiento o término |
Tesauro de Arte & Arquitectura |
| Término de materia o nombre geográfico como elemento de entrada |
APRECIACION |
| 650 ## - PUNTO DE ACCESO ADICIONAL DE MATERIA--TÉRMINO DE MATERIA |
| Fuente del encabezamiento o término |
Tesauro de Arte & Arquitectura |
| Término de materia o nombre geográfico como elemento de entrada |
TEORIA |
| 650 ## - PUNTO DE ACCESO ADICIONAL DE MATERIA--TÉRMINO DE MATERIA |
| Fuente del encabezamiento o término |
Tesauro de Arte & Arquitectura |
| Término de materia o nombre geográfico como elemento de entrada |
VIDEO |
| 650 ## - PUNTO DE ACCESO ADICIONAL DE MATERIA--TÉRMINO DE MATERIA |
| Fuente del encabezamiento o término |
Tesauro de Arte & Arquitectura |
| Término de materia o nombre geográfico como elemento de entrada |
MUSICA |
| 9 (RLIN) |
702 |
| 650 ## - PUNTO DE ACCESO ADICIONAL DE MATERIA--TÉRMINO DE MATERIA |
| Fuente del encabezamiento o término |
Tesauro de Arte & Arquitectura |
| Término de materia o nombre geográfico como elemento de entrada |
LITERATURA |
| 650 ## - PUNTO DE ACCESO ADICIONAL DE MATERIA--TÉRMINO DE MATERIA |
| Fuente del encabezamiento o término |
Tesauro de Arte & Arquitectura |
| Término de materia o nombre geográfico como elemento de entrada |
CARIBE |
| 942 ## - ELEMENTOS DE ENTRADA SECUNDARIOS (KOHA) |
| Fuente del sistema de clasificación o colocación |
Clasificación Decimal Dewey |
| Tipo de ítem Koha |
Libros |
| Parte de la signatura que corresponde a la clasificación (Parte de la clasificación) |
708.972.9 |
| Parte de la signatura que identifica el ejemplar (Parte del ítem) |
B622c |
| Suprimir en OPAC |
No |